000 02194nam0a2200433 4500
001 RU\NLR\BIBL_A\012442159
005 20260406102219.0
010 _a9785041131340
_93000
021 _aRU
_b2020-58374
_9КН-П-4360
035 _a(RuMoRGB)010437872
035 _a(NLR Aleph) 012442159
090 _a11930903
_c11930903
100 _a20210128d2020 u y0rusy50 ca
101 1 _arus
_ceng
102 _aRU
105 _ay|||z|||000zy
181 0 _ai
_baxxe
182 0 _an
200 1 _aДумай как римский император
_dHow to think like a roman emperor
_eстоическая философия Марка Аврелия для преодоления жизненных невзгод и обретения душевного равновесия
_fДональд Робертсон
_g[перевод с английского Ю. С. Коряжкиной]
_zeng
203 _aТекст
_bвизуальный
_cнепосредственный
210 _aМосква
_cБомбора™
_cЭксмо
_d2020
215 _a303, [1] с.
_d21
300 _aАвт. также на англ. яз.: Donald Robertson
300 _aНа 4-й с. обл. авт.: когнитивный психотерапевт Д. Робертсон
320 _aБиблиогр.: с. 302-304
333 _a12+
510 1 _6z20790
_aHow to think like a roman emperor
_zeng
600 0 _aМарк Аврелий Антонин
_cимператор римский
_f121 - 180
_jПопулярные издания
_xФилософские взгляды
_92466650
_3RU\NLR\AUTH\6601682511
606 _aКогнитивно-поведенческая психотерапия
_jПопулярные издания
_92090056
_3RU\NLR\AUTH\661568711
686 1 _aЮ948.1-82я9
686 1 _aЮ3(0)323-231.3я9
686 1 _aР357.19я9
700 1 _aРобертсон
_bД.
_f1972-
_gДональд
702 0 _4280
_8rus
_7ca
_aМарк Аврелий Антонин
_cимператор римский
_f121-180
_3RU\NLR\AUTH\7783243
_966171
790 1 _6z20510
_aRobertson
_bD.
_f1972-
_gDonald
942 _cBOOK
980 _aNBR